Long-Run Determinants of Exchange Rate Regimes : A Simple Sensitivity Analysis /

Many studies have attempted to uncover empirical regularities in how countries choose their exchange rate regimes. We survey previous studies showing that, taken as a whole, the literature is inconclusive. Drawing on a large dataset with many potential explanatory variables and a variety of exchange...

Mô tả đầy đủ

Chi tiết về thư mục
Tác giả chính: Mauro, Paolo
Tác giả khác: Juhn, Grace
Định dạng: Tạp chí
Ngôn ngữ:English
Được phát hành: Washington, D.C. : International Monetary Fund, 2002.
Loạt:IMF Working Papers; Working Paper ; No. 2002/104
Truy cập trực tuyến:Full text available on IMF
LEADER 01510cas a2200253 a 4500
001 AALejournalIMF001991
008 230101c9999 xx r poo 0 0eng d
020 |c 5.00 USD 
020 |z 9781451852776 
022 |a 1018-5941 
040 |a BD-DhAAL  |c BD-DhAAL 
100 1 |a Mauro, Paolo. 
245 1 0 |a Long-Run Determinants of Exchange Rate Regimes :   |b A Simple Sensitivity Analysis /  |c Paolo Mauro, Grace Juhn. 
264 1 |a Washington, D.C. :  |b International Monetary Fund,  |c 2002. 
300 |a 1 online resource (31 pages) 
490 1 |a IMF Working Papers 
500 |a <strong>Off-Campus Access:</strong> No User ID or Password Required 
500 |a <strong>On-Campus Access:</strong> No User ID or Password Required 
506 |a Electronic access restricted to authorized BRAC University faculty, staff and students 
520 3 |a Many studies have attempted to uncover empirical regularities in how countries choose their exchange rate regimes. We survey previous studies showing that, taken as a whole, the literature is inconclusive. Drawing on a large dataset with many potential explanatory variables and a variety of exchange rate regime classifications, we test old and new theories and confirm that no robust empirical regularities emerge. 
538 |a Mode of access: Internet 
700 1 |a Juhn, Grace. 
830 0 |a IMF Working Papers; Working Paper ;  |v No. 2002/104 
856 4 0 |z Full text available on IMF  |u http://elibrary.imf.org/view/journals/001/2002/104/001.2002.issue-104-en.xml  |z IMF e-Library